Ciencias sociales 8 /
Guardado en:
| Autor Principal: | |
|---|---|
| Formato: | Libro |
| Publicado: |
Buenos Aires :
Aique,
2005
|
| Series: | Libros y +
|
| Materias: | |
| Etiquetas: |
Agregar Etiqueta
Sin Etiquetas, Sea el primero en etiquetar este registro!
|
| LEADER | 01348nam a22002415a 4500 | ||
|---|---|---|---|
| 001 | CEM.cems017692 | ||
| 008 | 130507s2005##################000#0#####d | ||
| 005 | 20260508074927.0 | ||
| 245 | 1 | 0 | |a Ciencias sociales 8 / |c Coordinado Por María Ernestina Alonso |
| 260 | |a Buenos Aires : |b Aique, |c 2005 | ||
| 300 | |a 288 p. | ||
| 490 | 0 | |a Libros y + | |
| 505 | 0 | |a América contemporánea: sociedades entre problemas y utopías -- Los territorios en América contemporánea -- La formación de la Europa moderna -- La conquista y la colonización de Europa en América -- La organización de la sociedad capitalista -- La crisis del orden colonial y la construcción de los estados americanos -- Ambientes y recursos de América -- Dinámica demográfica, empleo y calidad de vida -- Los espacios rurales americanos -- Los espacios urbanos en América -- Integración, comercio internacional y transporte en América -- | |
| 020 | |a 9507016686 | ||
| 100 | 1 | |a Alonso, María Ernestina | |
| 082 | 0 | 4 | |a 302 |
| 653 | |a Ciencias sociales | ||
| 653 | |a Ciencias sociales-8 egb | ||
| 653 | |a América-historia | ||
| 653 | |a América-geografía | ||
| 859 | |a CEMS |b BIB. CEMS - Agricultura |h 302 |i Al722 |p A1458.11 |t Ej.1 |v 8 |3 8 | ||
| 859 | |a CEMS |b BIB. CEMS - Agricultura |h 302 |i Al722 |p A1800.13 |t Ej.2 |v 8 |3 8 | ||
| 859 | |a CEMS |b BIB. CEMS - Agricultura |h 302 |i Al722 |p A4138.26 |t Ej.3 |3 8 | ||
